[Event "Skilling Open CCT KO 2021"]
[Site "Online"]
[Date "2020.11.26"]
[Round "2.3"]
[White "So, Wesley"]
[Black "Nakamura, Hikaru"]
[Result "1/2-1/2"]
[WhiteElo "2741"]
[BlackElo "2829"]
[Annotator "TA"]
[PlyCount "128"]
[EventDate "2020.11.20"]
[EventType "k.o."]
[EventCountry "NET"]
[SourceTitle "playchess.com"]
[Source "ChessBase"]
[SourceQuality "1"]

{[%evp 14,128,31,31,33,34,57,56,63,0,0,0,0,-9,0,0,19,0,107,93,93,97,88,85,87,14,54,78,72,22,75,72,79,76,66,76,64,72,73,61,82,77,179,94,399,391,368,345,337,74,53,50,50,52,138,131,246,241,220,125,305,268,452,160,187,131,288,264,279,243,345,345,339,200,356,0,297,218,646,640,537,385,391,387,373,372,358,313,668,630,933,1406,1159,1117,854,486,491,481,5522,6436,5543,5206,4686,470,8120,7014,2216,0,0,0,0,0,0,0,0,0,0]} 1. e4 e5 2. Nf3 Nc6 3. Bb5 a6 4. Ba4 g6 5. c3 Bg7 6. O-O Nge7 7. d4 exd4 8. cxd4 b5 {C60: Ruy Lopez: Unusual Black 3rd moves and 3...g6.} 9. Bc2 d5 10. exd5 Nxd5 {White is slightly better. 10...Nb4 might become the main line.} 11. Re1+ (11. Bg5 $1 $14 Qd6 12. Nc3 Nxc3 13. Re1+ (13. bxc3 O-O $14) 13... Be6 14. bxc3) 11... Be6 $11 12. Bg5 Qd7 13. Nbd2 {[%cal Bb1d2,Bd2b3,Bb3c5][%mdl 32]} O-O 14. Nb3 Bg4 15. h3 {[#]} Be6 $146 (15... Bxf3 $11 {remains equal.} 16. Qxf3 Ndb4) ({Predecessor:} 15... Bxf3 16. Qxf3 Ndb4 17. Be4 f5 18. Bxc6 Qxc6 19. Qg3 Nd5 20. Rac1 Qb6 21. Rc5 f4 {1-0 (28) Robson,R (2628)-Foisor,S (2239) New York 2014}) 16. Nc5 $16 Qd6 {Black wants to play ...Nxd4!} 17. Nxe6 fxe6 18. Re4 Rae8 19. h4 (19. Rc1 $16) 19... Nf6 (19... Nf4 $5 {[%cal Rc6d4]}) 20. Bxf6 Bxf6 21. h5 gxh5 (21... Rd8 $1 $11 {keeps the balance.}) 22. Qd3 Rf7 23. a3 Kh8 24. Qe3 Qf8 25. d5 Nd8 26. dxe6 Rfe7 $1 {[%cal Rd8e6]} 27. Bb3 Bxb2 (27... Qg7 $16) 28. Rd1 $1 $36 {[%mdl 2048] White is on the roll.} Nb7 $2 {[%mdl 8192]} (28... Bxa3 $16 {is more resistant.} 29. Qd4+ Rg7) 29. Ng5 {And now Nf7+ would win.} Nd6 {[#]} 30. Rxd6 $1 {[%mdl 576] Remove Defender} cxd6 {[#]} 31. Nf7+ $2 (31. Rf4 $1 $18 {[%cal Rf4f8] and the rest is easy.} Qg7 32. Nf7+ {[%mdl 64] Double Attack} Kg8 33. Nxd6) 31... Rxf7 $16 32. exf7 Rxe4 33. Qxe4 Bf6 {[#]} (33... d5 $1 $14 34. Qxd5 (34. Bxd5 Bxa3 35. Qf3 Be7 $18) 34... Bxa3 35. Qxh5 Qg7) 34. Qf5 $1 {[%mdl 512]} Kg7 (34... Be7 $16 35. Qxh5 Qg7) 35. Qxh5 $18 Qc8 {If Black can now play ...Qc1+ this consolidates a bit.} 36. g3 (36. Kh2 $18) 36... h6 $2 (36... Be7 $16 37. Qd5 a5 38. Qd4+ Bf6) 37. Qd5 Qd8 $2 (37... Qf8 {is a better defense.} 38. Qb7 a5 39. Qxb5 d5 40. Bxd5 Qxa3) 38. Qb7 $2 (38. Qe6 $18 {is more deadly.} Qe7 39. Qg4+ Bg5 40. Qc8) 38... Be7 39. Bd5 ({White should play} 39. Qxa6 $18 Qd7 40. Qa8) 39... a5 $2 (39... Bf8 $16 {was called for.} 40. Qxa6 Qf6) 40. Qxb5 Bf8 41. a4 Qc7 (41... h5 {keeps fighting.} 42. Bb3 d5 43. Bxd5 h4) 42. Qb2+ Kg6 43. Qb1+ (43. Kf1 $142) 43... Kg7 $2 (43... Kf6 44. Qa1+ Kg6 45. Qb1+ Kg7 46. Qb2+ Kg6) 44. Qb2+ Kg6 45. Qh8 Qe7 $2 (45... Qc1+ 46. Kg2 Qg5) 46. Qc3 Qd8 47. Kg2 h5 48. Qd3+ Kh6 49. Qd2+ Kg6 50. Qe2 Qg5 $2 (50... Qf6 51. Be4+ Kh6 52. Qd2+ Qg5) 51. Qb5 Kh6 52. Qxa5 h4 53. Qa8 Kg7 54. Qc6 Qe5 55. gxh4 Be7 (55... Qd4 $142 56. Bf3 Qc5) 56. Qc4 Bxh4 57. Qg4+ ({Weaker is} 57. Qxh4 Qxd5+ 58. f3 Kxf7 $16) 57... Bg5 58. Qf3 (58. Ba2 $142 Qf4 59. Qxf4 Bxf4 60. a5) 58... Bf4 (58... Kf8 $142 59. a5 Bd8) 59. a5 Qf5 60. Qe4 $2 (60. Qd1 $18 {Threatens to win with a6.} Qg5+ 61. Kf1) 60... Qg4+ $11 {The position is equal.} 61. Kf1 {Qd4+ would kill now.} Qd1+ 62. Kg2 Qg4+ 63. Kf1 {Intending Qd4+ and mate.} Qd1+ 64. Kg2 Qg4+ {Weighted Error Value: White=0.43/Black=0.63} 1/2-1/2

[Event "Skilling Open CCT KO 2021"]
[Site "Online"]
[Date "2020.11.26"]
[Round "2.4"]
[White "Nepomniachtchi, Ian"]
[Black "Carlsen, Magnus"]
[Result "1/2-1/2"]
[WhiteElo "2778"]
[BlackElo "2881"]
[Annotator "TA"]
[PlyCount "92"]
[EventDate "2020.11.20"]
[EventType "k.o."]
[EventCountry "NET"]
[SourceTitle "playchess.com"]
[Source "ChessBase"]
[SourceQuality "1"]

{[%evp 20,92,22,21,27,12,24,2,7,7,4,0,4,8,6,5,8,0,0,0,0,0,0,0,0,0,3,0,0,0,0,0,22,10,15,0,0,0,0,0,0,0,0,-9,-8,-8,-8,-8,0,0,0,0,0,0,0,-8,-8,-8,-6,-10,-16,-12,-27,-12,-16,-18,0,-2,0,0,0,0,0,0,0]} 1. e4 e5 2. Nf3 Nc6 3. Bb5 Nf6 4. O-O Nxe4 5. Re1 Nd6 6. Nxe5 Be7 7. Bf1 Nxe5 8. Rxe5 O-O 9. d4 Bf6 10. Re1 Nf5 11. c3 d5 {C67: Ruy Lopez: Berlin Defence: 4 0-0 Nxe4.} 12. Bf4 Bg5 13. Qd2 Bxf4 14. Qxf4 Qd6 {[#]} 15. Qf3 $146 ({Predecessor:} 15. Qxd6 Nxd6 16. Bd3 c6 17. Nd2 Bf5 18. Bxf5 Nxf5 19. Re5 Nd6 20. Rae1 Rfe8 21. Rxe8+ Rxe8 22. Rxe8+ Nxe8 {½-½ (30) Kuzubov,Y (2660)-Inarkiev,E (2684) Ankara 2018}) 15... c6 16. Bd3 g6 17. Nd2 Bd7 18. Re5 f6 19. Re2 Rae8 20. Rae1 Nh4 21. Qg3 Qxg3 22. hxg3 Rxe2 23. Bxe2 Nf5 24. g4 Nd6 25. f3 Re8 26. Kf2 a5 27. b3 f5 28. gxf5 Nxf5 29. Rc1 h5 30. Bd3 Kg7 31. Nf1 Kf6 32. Bxf5 Bxf5 $11 {[%mdl 4096] Endgame KRB-KRN} 33. Ne3 {[#]} a4 $1 {[%mdl 512]} 34. c4 (34. bxa4 Ra8) 34... axb3 35. axb3 dxc4 36. bxc4 Ra8 37. d5 cxd5 38. Nxd5+ Ke5 39. Re1+ Kd4 40. Rd1+ $1 Kc5 41. Ne3 Be6 {The position is equal.} 42. Rb1 Kc6 43. c5 Kxc5 {Threatens to win with ...b5.} 44. Rxb7 Ra2+ 45. Kg3 Re2 46. Nd1 h4+ {Not much happened in this game.  Weighted Error Value: White=0.03/Black=0.02} 1/2-1/2

[Event "Skilling Open CCT KO 2021"]
[Site "Online"]
[Date "2020.11.26"]
[Round "2.4"]
[White "So, Wesley"]
[Black "Nakamura, Hikaru"]
[Result "1/2-1/2"]
[WhiteElo "2741"]
[BlackElo "2829"]
[Annotator "TA"]
[PlyCount "86"]
[EventDate "2020.11.20"]
[EventType "k.o."]
[EventCountry "NET"]
[SourceTitle "playchess.com"]
[Source "ChessBase"]
[SourceQuality "1"]

{[%evp 10,86,35,32,28,24,35,34,47,33,85,93,109,97,102,93,84,68,94,94,86,37,35,35,39,8,29,19,37,0,19,19,10,15,46,27,54,0,64,60,72,61,61,36,89,74,77,72,81,80,87,0,89,82,72,0,104,88,106,99,116,37,37,18,37,18,37,37,37,18,18,18,18,25,90,90,106,106,86]} 1. d4 f5 2. g3 Nf6 3. Bg2 g6 4. Nf3 Bg7 5. O-O O-O 6. b3 Nc6 {A81: Dutch Defence: 2 g3.} 7. Bb2 Ne4 8. Nbd2 e6 $5 {[%mdl 4] White is slightly better. An interesting side line.} 9. c4 {[#]} g5 $146 (9... b6 $14) ({Predecessor:} 9... d5 10. e3 a5 11. a3 Bd7 12. Rc1 Be8 13. Nxe4 fxe4 14. Nd2 Ne7 15. Qc2 Bc6 16. f3 Nf5 17. Rce1 Qg5 {½-½ (31) Inarkiev,E (2674)-Bauer,C (2634) Kemer 2007}) 10. Nxe4 $16 fxe4 11. Ne5 d5 12. Nxc6 bxc6 13. Qc2 Ba6 14. Rac1 g4 15. e3 Rf6 16. Ba3 h5 17. Rfd1 Bh6 18. Qd2 Bc8 19. Qb4 Bf8 20. Qa5 Bxa3 21. Qxa3 Bd7 22. Rc2 h4 23. Rdc1 (23. gxh4 Rh6 $11) (23. Qa6 $14) 23... Rh6 (23... a5 $11) 24. Qa5 Kg7 25. b4 a6 26. a4 Rb8 ({Better is} 26... Rf6 $14) 27. b5 axb5 28. axb5 Ra8 29. Qb4 hxg3 30. hxg3 (30. fxg3 $16 cxb5 31. cxd5 (31. cxb5 Rf6 $14) 31... exd5 32. Rxc7) 30... Rb8 (30... Qf6 $11) 31. Qa5 Ra8 32. Qb4 (32. Qc3 $16) 32... Be8 (32... Rb8 $11) 33. bxc6 Rb8 34. Qa5 Bf7 35. cxd5 ({White should try} 35. Ra2 $16) 35... exd5 $14 36. Rc5 Ra8 37. Qb4 Ra6 38. Ra5 Raxc6 39. Rac5 Rb6 40. Rb5 Rxb5 41. Qxb5 Rb6 (41... Qc8 $11 {remains equal.}) 42. Qc5 $16 c6 43. Bf1 Be6 {Weighted Error Value: White=0.18/Black=0.26} 1/2-1/2

[Event "Skilling Open CCT KO 2021"]
[Site "Online"]
[Date "2020.11.29"]
[Round "3.1"]
[White "Carlsen, Magnus"]
[Black "So, Wesley"]
[Result "1-0"]
[WhiteElo "2881"]
[BlackElo "2741"]
[Annotator "TA"]
[PlyCount "85"]
[EventDate "2020.11.20"]
[EventType "k.o."]
[EventCountry "NET"]

{[%evp 11,85,19,25,25,34,-10,29,26,28,40,23,14,20,11,10,0,10,7,32,32,30,30,25,28,29,31,27,12,20,0,11,0,0,0,0,0,29,28,34,27,27,23,64,67,54,27,44,44,44,44,44,44,44,44,44,44,5057,1877,1436,1081,29982,29983,29983,29984,29984,29985,29985,29986,29986,29987,29987,29988,29988,29989,29989,29990]} 1. d4 Nf6 2. c4 e6 3. Nf3 d5 4. Nc3 c5 5. cxd5 cxd4 6. Qxd4 (6. Nxd4 Nxd5 7. Bd2 Be7 8. e4 Nxc3 9. Bxc3 O-O 10. Be2 Qb6 11. O-O Rd8 12. Qb3 Na6 13. Qxb6 axb6 14. Bxa6 Rxa6 15. a3 Bd7 16. Rfd1 Kf8 17. Nc2 Raa8 18. Kf1 Bb5+ 19. Ke1 {½-½ (53) Carlsen,M (2863)-So,W (2770) chess24.com INT 2020}) 6... exd5 7. e4 {[%cal Re4d5] D41: Queen's Gambit Declined: Semi-Tarrasch with 5 cxd5.} dxe4 8. Qxd8+ Kxd8 9. Ng5 {White has an edge.} Be6 10. Nxe6+ fxe6 11. Bc4 $5 {[%mdl 4] A promising side line.} Ke7 12. O-O {Black should prevent Re1.} Nbd7 {[#]} 13. Be3 $146 ({Predecessor:} 13. Re1 Rc8 14. Bb3 Nc5 15. Be3 Nxb3 16. axb3 a6 17. Ra4 Kf7 18. Nxe4 Nxe4 19. Rxe4 {½-½ (75) L'Ami,E (2619)-Williams,S (2429) Douglas 2015}) 13... Rc8 14. Bb3 Nc5 15. Bxc5+ Rxc5 16. Rfe1 g6 17. Nxe4 Nxe4 18. Rxe4 e5 19. f4 Bg7 20. Rae1 Rf8 21. fxe5 Rf5 22. e6 Bxb2 23. Rd1 Rc7 24. g4 Rf8 25. Kg2 b5 26. Re2 Bc3 27. Re3 {Hoping for Rd7+!} Bb4 28. Red3 (28. Rh3 $5 {[%cal Rh3h7]} Ke8 29. Rd7 {[%mdl 64] Decoy} Rxd7 30. exd7+ Kxd7 31. Rxh7+ Kd6 32. Rg7 $16 (32. Rxa7 g5 $14)) 28... a5 29. Rd7+ Rxd7 30. Rxd7+ $14 {[%mdl 4096] Endgame KRB-KRB} Kf6 31. Rb7 a4 {[#]} 32. g5+ $1 {[%mdl 576] Decoy} Kxg5 33. Rxb5+ Rf5 $2 {[%mdl 8192] Black cannot hold the game after this.} (33... Kf6 $14) 34. Rxb4 $18 axb3 {[#] KR-KR} 35. e7 $1 {[%cal Re7e8]} bxa2 36. e8=Q {White mates.} a1=Q {KQR-KQR} 37. Qe7+ Kh6 38. Rh4+ Rh5 39. Qf8+ Qg7 40. Qf4+ g5 41. Qd6+ Qg6 42. Qf8+ Qg7 43. Rxh5+ {Weighted Error Value: White=0.04/Black=0.35} 1-0

[Event "Skilling Open CCT KO 2021"]
[Site "Online"]
[Date "2020.11.29"]
[Round "3.2"]
[White "So, Wesley"]
[Black "Carlsen, Magnus"]
[Result "1-0"]
[WhiteElo "2741"]
[BlackElo "2881"]
[Annotator "TA"]
[PlyCount "185"]
[EventDate "2020.11.20"]
[EventType "k.o."]
[EventCountry "NET"]

{[%evp 12,185,17,9,17,12,15,12,20,8,15,6,32,20,18,6,16,22,30,16,40,10,10,12,61,60,61,59,76,58,134,132,134,132,135,146,192,165,169,169,228,231,289,139,139,137,129,139,134,72,143,124,234,234,29965,29964,29941,12846,12847,666,2212,0,0,0,0,0,0,0,0,0,0,0,0,0,0,0,0,0,0,0,0,0,0,0,0,0,0,0,0,0,0,0,0,0,0,0,0,-19,0,-10,-8,-17,0,0,0,-8,-8,-8,-8,-8,-8,-8,-8,-8,0,0,0,0,0,0,0,0,0,0,0,0,0,0,0,0,0,-8,-8,-12,0,0,0,0,0,0,0,0,0,0,-8,-37,-46,-47,-27,-77,-76,-80,-25,-27,0,0,0,0,0,0,0,0,0,0,0,0,0,-8,29995,29996,29996,29997,29997,29998,29998,29999]} 1. e4 e5 2. Nf3 Nc6 3. Bc4 Bc5 4. O-O Nf6 5. d3 d6 6. c3 h6 {6...a6 is the modern continuation.} 7. Re1 O-O {C54: Giuoco Piano: 4 c3 Nf6, main lines with 5 d4 and 5 d3.} (7... a6 8. a4 O-O 9. h3 Re8 10. Nbd2 Ba7 11. b4 Be6 12. Bxe6 Rxe6 13. Bb2 Ne7 14. d4 Ng6 15. c4 a5 16. b5 exd4 17. Nxd4 Re8 18. Ra3 Bxd4 19. Bxd4 Re6 20. Rae3 b6 21. g3 Nd7 22. f4 Re8 23. Qg4 {1-0 (40) So,W (2770)-Carlsen,M (2863) chess24.com INT 2020}) 8. Nbd2 {[%cal Bb1d2,Bd2f1,Bf1g3][%mdl 32]} a5 9. Nf1 Be6 {The position is equal.} 10. Bb5 Ne7 11. d4 Ba7 12. Ng3 Ng6 13. h3 c6 14. Bd3 a4 15. Be3 Re8 16. Qc2 b5 {[#]} 17. b4 $146 ({Predecessor:} 17. c4 bxc4 18. Bxc4 Bxc4 19. Qxc4 d5 20. Qxc6 exd4 21. Bxd4 Bxd4 22. Nxd4 Ne5 23. Qc3 {1-0 (69) Karjakin,S (2773)-Le,Q (2739) Saint Louis 2017}) 17... axb3 18. axb3 Qc7 19. Ra6 {Threatens to win with Rea1.} Qb7 $1 {[%cal Rb7a6]} 20. Rea1 Bb6 (20... exd4 $1 $14 21. cxd4 Bb6 22. Rxa8 Rxa8 23. Rxa8+ Qxa8) 21. Rxa8 $16 Rxa8 22. Rxa8+ Qxa8 23. dxe5 Qa1+ 24. Bf1 $1 Bxe3 25. exf6 Bb6 (25... Bf4 $142) 26. fxg7 $18 Ne5 {[#] With the idea ...Nxf3+.} 27. Qd2 (27. Nd4 $1 $18 {is the precise move to win.}) 27... Nxf3+ $16 28. gxf3 Kxg7 29. Kg2 (29. Qxd6 $6 Qxc3 30. Kg2 Qc5 $11) 29... b4 30. Nh5+ (30. Qxd6 $6 Qe1 $11) ({White should try} 30. cxb4 Qd4 31. Qxd4+ Bxd4 32. b5 cxb5 33. Bxb5) 30... Kg6 ({Better is} 30... Kh7 31. Bd3 (31. Qxd6 Bxh3+ 32. Kh2 Qxf1 $11) 31... Kg6) 31. Nf4+ Kh7 (31... Kf6 $16) 32. Nxe6 $18 (32. cxb4 Qg7+ 33. Kh1 Bxb3 $11) ({Worse is} 32. Qxd6 Qe1 $15) 32... bxc3 $2 (32... fxe6 $18 33. Qxd6 {[%mdl 64] Double Attack} Qxc3) 33. Qf4 fxe6 34. Qf7+ Kh8 35. Qf8+ Kh7 36. e5 $2 ({White has to play} 36. Bd3 $18 {[%cal Re4e5]} Qd1 37. Qxd6 {[%mdl 64] Double Attack}) 36... Qd1 $11 37. Qf7+ Kh8 38. Qe8+ Kh7 39. Qd7+ Kh8 40. Qc8+ Kg7 41. Qd7+ Kh8 42. Qe8+ Kg7 43. Qe7+ Kh8 44. Qxe6 Qd4 45. Qe8+ {[#]} Kg7 $1 {[%mdl 512]} 46. Qe7+ Kg8 47. Qe6+ Kg7 48. Qf6+ Kh7 49. Qe7+ {[#]} Kg8 $1 {[%mdl 512]} 50. Qe6+ Kg7 51. Qd7+ {[#]} Kf8 $1 {[%mdl 512]} 52. Qf5+ Ke8 53. Qc8+ {[#]} Ke7 $1 {[%mdl 512]} 54. exd6+ Qxd6 55. Qf5 Qd4 56. Qc2 Qg7+ 57. Kh1 Qe5 58. Bd3 Bc7 {[%csl Gc7][%cal Re5h2]} 59. Kg2 Qh2+ 60. Kf1 Qxh3+ 61. Ke2 {Cut Off at move 61} Qe6+ 62. Be4 Be5 63. Qa2 Qd6 64. Qa7+ Kf6 {Strongly threatening ...Qd2+.} 65. Qh7 Qd2+ 66. Kf1 {And now Qf5+ would win.} Bd4 {[%csl Gd4][%cal Rd2f2]} 67. Qg6+ $1 Ke7 {[%csl Gd4][%cal Rd2f2]} 68. Qg3 $1 Bf6 69. Qc7+ Qd7 70. Qf4 h5 71. Qe3 {Hoping for Bf5+.} Qd4 72. Qf4 Qd6 73. Qe3 c5 74. Bg6+ Kd8 75. Qe8+ Kc7 76. Be4 h4 77. Kg2 Qd7 78. Qh5 Kb6 79. f4 Qe6 80. Qg6 Ka5 81. Bf5 Qd6 ({Black should play} 81... Qc6+ $17 82. Be4 Qa6) 82. Qe8 Kb6 {White should prevent ...Qc6+.} 83. Be4 Kc7 84. Qa8 Qxf4 85. Qc6+ Kd8 86. Qd5+ Ke8 87. Bg6+ Ke7 {White must now prevent ...Qg4+.} 88. Qxc5+ Qd6 89. Qe3+ Kf8 $2 {[%mdl 8192] This move loses the game for Black.} (89... Be5 $11 90. Bd3 Kd8) 90. Qe8+ {White mates.} Kg7 91. Qf7+ Kh6 92. Qh7+ Kg5 93. Qh5+ {Weighted Error Value: White=0.16/Black=0.26} 1-0

[Event "Skilling Open CCT KO 2021"]
[Site "Online"]
[Date "2020.11.29"]
[Round "3.3"]
[White "Carlsen, Magnus"]
[Black "So, Wesley"]
[Result "1-0"]
[WhiteElo "2881"]
[BlackElo "2741"]
[Annotator "TA"]
[PlyCount "69"]
[EventDate "2020.11.20"]
[EventType "k.o."]
[EventCountry "NET"]

{[%evp 12,69,0,0,4,0,18,3,14,0,-4,-25,41,57,65,61,123,128,126,97,73,12,82,74,145,114,106,86,64,26,33,25,25,25,131,107,122,98,129,122,130,109,159,177,225,0,0,0,28,21,129,154,279,264,738,722,914,854,822,784]} 1. d4 Nf6 2. c4 e6 3. Nf3 d5 4. Nc3 Bb4 5. Qa4+ Nc6 6. a3 Bxc3+ 7. bxc3 O-O {is more profitable than 7...Ne4 at the moment. D38: Queen's Gambit Declined: Ragozin Defence (4 Nf3 Bb4).} 8. Bg5 h6 9. Bh4 Bd7 {White must now prevent ...Nxd4!The position is equal.} 10. Qc2 Na5 {[#]} 11. g4 $146 ({Predecessor:} 11. cxd5 exd5 12. e3 c5 13. dxc5 Rc8 14. Bd3 Rxc5 15. O-O Qe7 16. Qb2 Rfc8 17. Qb4 {1-0 (42) Krstulovic,A (2368)-Prraneeth,V (2264) Balatonlelle 2019}) 11... g5 ({Better is} 11... dxc4 $11 12. Ne5 c5 $1 {[%mdl 512]}) 12. Bg3 $14 Ne4 13. h4 $1 Nxg3 (13... Nxc4 $14 14. hxg5 hxg5) 14. fxg3 $16 {Hoping for hxg5.} gxh4 ({Don't blunder} 14... dxc4 $2 15. hxg5 f5 16. Rxh6 $18) 15. Rxh4 Kg7 16. g5 ({White should play} 16. e4 $16) 16... Rh8 {[#]} (16... Nxc4 $11 17. Rxh6 Rh8) 17. Ne5 $1 Nxc4 ({Black should try} 17... Qe7) 18. gxh6+ Kf8 19. Nxc4 Qg5 20. Kf2 {And now Ne5 would win.} (20. Ne5 $5 {[%cal Rh4g4]} Qxg3+ 21. Kd2 Qxh4 22. Nxd7+ Kg8 23. Qb1 $11) 20... dxc4 21. Qc1 Qf6+ 22. Qf4 Ke7 (22... Qxf4+ $11 23. gxf4 Bc6) 23. Qxf6+ Kxf6 24. Bg2 Rab8 25. Rh5 Kg6 26. Rah1 $36 {[%mdl 2048] White is in control.} f5 {[#]} 27. g4 $1 {[%mdl 512]} Rh7 (27... fxg4 28. Be4+) 28. g5 $2 (28. Ke3 $18) 28... Bc6 $11 29. Bf3 Bxf3 30. Kxf3 {KRR-KRR} Rd8 (30... c5 $1 $11) 31. Kf4 $16 Rd5 (31... c5 $16 {might work better.}) 32. R5h3 $18 c5 $2 (32... Rd8 33. Re3 Re8) 33. Re3 {White is clearly winning.} Rd6 34. dxc5 Ra6 35. Rd1 {Weighted Error Value: White=0.18/Black=0.37} 1-0

[Event "Skilling Open CCT KO 2021"]
[Site "Online"]
[Date "2020.11.29"]
[Round "3.4"]
[White "So, Wesley"]
[Black "Carlsen, Magnus"]
[Result "1-0"]
[WhiteElo "2741"]
[BlackElo "2881"]
[Annotator "TA"]
[PlyCount "70"]
[EventDate "2020.11.20"]
[EventType "k.o."]
[EventCountry "NET"]

{[%evp 16,70,14,0,0,-4,21,4,66,71,70,46,46,56,46,48,49,27,73,34,25,34,39,22,35,46,52,51,62,41,39,10,31,35,43,28,54,51,40,0,20,19,15,0,69,64,77,79,559,554,696,647,838,836,880,865,934]} 1. e4 c5 2. Nf3 Nc6 3. d4 cxd4 4. Nxd4 Nf6 5. Nc3 e5 6. Ndb5 d6 7. Nd5 Nxd5 8. exd5 Nb8 9. Qf3 {9.a4 is becoming the main line.} a6 {B33: Sicilian: Pelikan and Sveshnikov Variations.} 10. Qa3 b6 11. Bg5 Be7 (11... f6 $11 12. Be3 Be7) 12. Bxe7 $1 $14 Kxe7 {[#]} 13. O-O-O $146 {Hoping for Re1.} ({Predecessor:} 13. c4 Bb7 14. Nc3 Nd7 15. Be2 Re8 16. O-O Qc7 17. Ne4 Nf6 18. Qe3 Nd7 19. f4 {1-0 (30) Perpinya Rofes,L (2408)-Jose Abril,R (2335) Barcelona 2015}) 13... Bb7 $1 14. Nc3 Nd7 15. f4 Qc7 16. fxe5 Nxe5 17. Qb4 (17. Bd3 $5) 17... h5 18. Be2 Kf8 19. Rhf1 Re8 20. Rf5 h4 21. Rf4 Qd8 22. Kb1 Rh6 23. Rdd4 {[%cal Rf4h4,Bd1d4,Bd4e4,Be4h4,Bh4h5,Bh5f5][%mdl 32]} h3 24. g3 Bc8 25. a4 Kg8 26. Rde4 Qc7 27. Rh4 a5 28. Qd4 {Threatens to win with Rxh6.} Rxh4 29. Rxh4 Bf5 (29... Qc5 $11) 30. Rh5 Qc8 31. Qxb6 {[#] Strongly threatening Ba6.} Ng4 $2 {[%mdl 8192] Loses the game.} (31... Bg4 $16) 32. Ba6 $18 {White is clearly winning.} Re1+ 33. Ka2 Qe8 34. Rxf5 Ne3 35. Bb5 Qe7 {Weighted Error Value: White=0.09/Black=0.53} 1-0

[Event "Skilling Open CCT KO 2021"]
[Site "Online"]
[Date "2020.11.29"]
[Round "3.5"]
[White "So, Wesley"]
[Black "Carlsen, Magnus"]
[Result "0-1"]
[WhiteElo "2741"]
[BlackElo "2881"]
[Annotator "TA"]
[PlyCount "94"]
[EventDate "2020.11.20"]
[EventType "k.o."]
[EventCountry "NET"]
[SourceTitle "playchess.com"]
[Source "ChessBase"]
[SourceQuality "1"]

{[%evp 10,94,12,3,22,11,31,31,38,36,35,51,33,37,35,28,38,18,22,22,20,23,22,-29,-32,-36,-21,-31,-32,-37,-35,-77,-50,-56,-24,-29,0,-54,-54,-58,-59,-54,-45,-112,-90,-92,-93,-92,-79,-86,-103,-255,-234,-273,-276,-277,-271,-287,-289,-271,-271,-281,-275,-279,-267,-314,-317,-361,-356,-450,-445,-456,-450,-462,-456,-600,-592,-685,-621,-5710,-5710,-5064,-5402,-4125,-2120,-4829,-4797]} 1. e4 c6 2. d4 d5 3. e5 Bf5 4. Nd2 e6 5. Nb3 Nd7 6. Nf3 h6 {B12: Caro-Kann: Advance Variation.} 7. Be2 a5 $5 {[%mdl 4] Exploring less charted territory.} 8. a4 {[#]} Bb4+ $146 {White is slightly better.} ({Predecessor:} 8... Ne7 9. O-O Bh7 10. Bd2 Nf5 11. Rc1 Be7 12. Qe1 b6 13. c4 dxc4 14. Rxc4 Nb8 {0-1 (52) Labib,I (2424)-Ismail,H (2171) Cairo 2016}) 9. c3 Bf8 10. O-O Ne7 11. h3 Bh7 12. Bd2 Qb6 13. Ne1 Nf5 14. Bd3 Be7 15. Qc2 Bg6 16. c4 (16. Rd1 $142) 16... dxc4 $11 17. Qxc4 {[#]} Nxd4 $1 {[%mdl 512]} 18. Qxd4 (18. Nxd4 Nxe5 19. Qc3 Bb4 $17) 18... Qxb3 19. Bxg6 fxg6 20. Qe4 O-O {[#]} (20... Qxb2 $2 21. Nf3 $18) 21. Bxh6 $1 {[%mdl 512]} Rf5 (21... gxh6 22. Qxg6+ Kh8 23. Qxh6+ Kg8 24. Qg6+ Kh8 25. Rc1 $16) (21... Qxb2 $6 22. Nd3 $16) 22. Be3 $1 Qd5 ({Avoid the trap} 22... Nxe5 $2 23. g4 $18) ({And not} 22... Qxb2 23. Nd3 $16) 23. Qxd5 (23. Qc2 $1 $11 Qxe5 24. Rd1) 23... exd5 $15 24. f4 g5 $36 {[%mdl 2048] Black has good play.} 25. e6 Nc5 26. g4 (26. fxg5 $15 Rxf1+ 27. Kxf1) 26... gxf4 $17 {Hoping for ...Re5.} 27. gxf5 fxe3 28. Rf4 Bf6 29. Nc2 {[#]} e2 $1 30. Rf2 $2 {[#] Now White is beyond hope.} (30. Rg4 $17) 30... d4 $1 $19 {[%cal Rd4d3] Strongly threatening ...d3.} ({Don't take} 30... Bxb2 31. Rb1 $17) 31. Rxe2 d3 $1 {[%csl LRb2,LRc2,LRe2][%mdl 64] Double Attack} 32. Rd2 dxc2 33. Rxc2 Rd8 34. Re1 Nxa4 35. Ra1 Nxb2 {...Nc4! is the strong threat.} 36. Rxa5 Nd3 37. Kh2 Nb4 38. Rc1 Nd5 39. Ra7 Rb8 {Black is clearly winning.} 40. Kg3 Ne7 41. Kg4 b5 {[%cal Bb7b5,Bb5b4,Bb4b3,Bb3b2][%mdl 32]} 42. Rd1 {White hopes to continue with Rdd7.} b4 43. Rad7 {If White can now play Rd8+ this consolidates a bit.} b3 44. Rd8+ Rxd8 45. Rxd8+ Kh7 46. Rb8 b2 47. Kf4 Nd5+ {Weighted Error Value: White=0.54/Black=0.04} 0-1